000 00674nam a22001817a 4500
003 UA-OsUOA
001 8187
007 ta
008 20040812b un ||||| |||| 00| 0 ukr d
100 _aКовбасюк Л.
942 _cSA
040 _aUA-OsUOA
_cUA-OsUOA
_dUA-OsUOA
245 _aСелекції в тваринницві - державну підтримку
_b[Про ведення систем. селекційно- племінної роботи на сучас. рівні в обл.]
300 _aС.3
955 _a0
773 0 _w0
_tВісті Рівненщини
_dРівне
_d2004
_g№73/11 серп./
650 7 _aСелекційна робота
_2UDC
999 _c294348
_d294348